Film Quiz - Statistics

Statistiche generali
  • Questo quiz è stato fatto 2.241 volte
  • Il punteggio medio è 10 su 18
Statistiche sulle risposte
Citazione Film % Corretto
Rose, ti fidi di me? Titanic
94%
Che la Forza sia con te Star Wars
92%
Il mio tesssoro! Il Signore degli Anelli
88%
Verso l’infinito e oltre! Toy Story
82%
Metti la cera, togli la cera Karate Kid
79%
La vita è come una scatola di cioccolatini. Non sai mai quello che ti capita. Forrest Gump
77%
Al mio segnale, scatenate l’inferno Il gladiatore
71%
Esci da questo corpo! L'esorcista
70%
Carpe diem, cogliete l'attimo ragazzi, rendete straordinaria la vostra vita. L'attimo fuggente
64%
Houston, abbiamo un problema. Apollo 13
56%
"Strade? Dove stiamo andando non c’è bisogno di strade Ritorno al futuro
40%
Dopotutto, domani è un altro giorno Via col vento
36%
Sono il Signor Wolf, risolvo problemi Pulp Fiction
31%
Io non sono cattiva. È che mi disegnano così Chi ha incastrato Roger Rabbit
30%
Sei solo chiacchiere e distintivo Gli intoccabili
22%
Maccherone m’hai provocato? …e io mo te magno! Un Americano a Roma
21%
Possono toglierci la vita, ma non ci toglieranno mai la libertà. Braveheart – Cuore impavido
20%
Tieni i tuoi amici vicini ma i tuoi nemici più vicini Il Padrino, Parte II
19%
Nessun quiz corrispondente trovato
Distribuzione punteggi
Percentuale di utenti per punteggio
Percentile per numero di risposta
I tuoi punteggi nel tempo
Non hai fatto questo quiz